Guess The American Brands! #30 - Statistics

General Stats
  • This quiz has been taken 27 times
  • The average score is 13 of 24
Answer Stats
Picture Answer % Correct
Tom
90%
Folgers
86%
Goodyear
86%
Warheads
81%
Airheads
71%
Dickies
71%
White Castle
71%
Breaking Bad
67%
JIF
67%
Bass Pro Shops
57%
Mortons
57%
Seinfeld
57%
Aussie
52%
Bronco
52%
Hoover
52%
Hush Puppies
33%
Mccormicks
33%
Mighty Ducks
33%
Recycling
33%
Chuck E Cheeses
29%
St Jude
29%
Mack
19%
Bittorent
14%
Parent Advisory
10%
No matching quizzes found
Score Distribution
Percent of People with Each Score
Percentile by Number Answered
Your Score History
You have not taken this quiz